00822na a2200241 450000100060000000300080000600500170001400800410003102000180007203500100009004000250010004100080012508200200013309000190015324501080017226000580028030000310033865000380036971000440040794200130045195201010046499900150056518302MIRAKIL20181213155153.0161116b tu 000 0  a9789751944450 a18302 aMilasbturcTR-AnCHP aeng a320.6bN27 2008 a320.6 N27 2008 aNational programme of Turkeybfor the adoption of the EU acquiscSecretariat General for the EU Affairs aAnkarabSecretariat General for the EU Affairs.c2008 axiii, 397 s.btbl.c30 sm. aSiyaset ve yönetimxPolitikalar aSecretariat General for the EU Affairs. 2ddccBKS a0001b0001d2016-11-16e2l0o320.6 N27 2008p008692r2016-11-16 00:00:00v0.00w2016-11-16yBKS c7907d7907